[Event "Skakligaen 2005/06"]
[Site "Denmark"]
[Date "2005.11.06"]
[Round "2.6"]
[White "Lilja, Richard"]
[Black "Pedersen, Karl"]
[Result "1-0"]
[WhiteElo "2014"]
[BlackElo "2244"]
[PlyCount "91"]
[EventDate "2005.11.05"]
[EventType "team"]
[EventRounds "9"]
[EventCountry "DEN"]
[WhiteTeam "Nordkalotten"]
[BlackTeam "Nordre"]
[WhiteTeamCountry "DEN"]
[BlackTeamCountry "DEN"]

1. e4 g6 2. d4 Bg7 3. Nc3 c6 4. Nf3 d6 5. Be2 Nf6 6. O-O O-O 7. Bf4 Bg4 8. Qd2
d5 9. exd5 cxd5 10. Ne5 Bxe2 11. Nxe2 Qb6 12. Ng3 Nc6 13. Nxc6 Qxc6 14. Rfe1 e6
15. Be5 h6 16. Qf4 Nd7 17. Bxg7 Kxg7 18. c3 Rae8 19. h4 h5 20. Nxh5+ gxh5 21.
Qg5+ Kh7 22. Qxh5+ Kg7 23. Re3 Rg8 24. Rf3 Ref8 25. Qg5+ Kh7 26. Qh5+ Kg7 27.
Re1 e5 28. dxe5 Qh6 29. Qg4+ Kh8 30. Qxd7 Qd2 31. Rb1 Rg7 32. Qf5 Rfg8 33. Qf6
Kh7 34. Qf5+ Kh8 35. Qf6 Kh7 36. g3 Qe2 37. a4 Re8 38. Qf5+ Kg8 39. Re3 Qc4 40.
b3 Qxh4 41. Rd1 Rg5 42. Qf6 Re6 43. Qd8+ Kg7 44. Qxd5 Rh6 45. Qxb7 Qh2+ 46. Kf1
1-0

[Event "Skakligaen 2005/06"]
[Site "Denmark"]
[Date "2005.11.06"]
[Round "2.7"]
[White "Hansen, Per"]
[Black "Andersen, Steen"]
[Result "1-0"]
[WhiteElo "2140"]
[BlackElo "1994"]
[PlyCount "53"]
[EventDate "2005.11.05"]
[EventType "team"]
[EventRounds "9"]
[EventCountry "DEN"]
[WhiteTeam "Nordre"]
[BlackTeam "Nordkalotten"]
[WhiteTeamCountry "DEN"]
[BlackTeamCountry "DEN"]

1. d4 d5 2. c4 c6 3. Nc3 Nf6 4. Nf3 e6 5. Bg5 Nbd7 6. cxd5 exd5 7. e3 Be7 8. h3
O-O 9. Bd3 Re8 10. Bf4 Nf8 11. Qc2 b6 12. O-O-O Bb7 13. g4 c5 14. Ne5 cxd4 15.
exd4 Ne6 16. Be3 Ne4 17. Kb1 Rc8 18. f3 Nxc3+ 19. bxc3 g6 20. Bb5 a6 21. Bxe8
Qxe8 22. h4 b5 23. h5 b4 24. hxg6 fxg6 25. Rxh7 Nf8 26. Qh2 Nxh7 27. Rh1 1-0

[Event "Skakligaen 2005/06"]
[Site "Denmark"]
[Date "2005.11.06"]
[Round "2.8"]
[White "Andersen, Peter Vestergaard"]
[Black "Danstrup, Niels"]
[Result "1/2-1/2"]
[WhiteElo "1949"]
[BlackElo "2120"]
[PlyCount "31"]
[EventDate "2005.11.05"]
[EventType "team"]
[EventRounds "9"]
[EventCountry "DEN"]
[WhiteTeam "Nordkalotten"]
[BlackTeam "Nordre"]
[WhiteTeamCountry "DEN"]
[BlackTeamCountry "DEN"]

1. e4 d6 2. d4 Nf6 3. Nc3 g6 4. f4 Bg7 5. Nf3 c5 6. dxc5 Qa5 7. Bd3 Qxc5 8. Qe2
O-O 9. Be3 Qa5 10. O-O Bg4 11. h3 Bxf3 12. Qxf3 Nc6 13. Kh1 Nd7 14. Bd2 Nc5 15.
a3 Nxd3 16. Qxd3 1/2-1/2

[Event "Skakligaen 2005/06"]
[Site "Denmark"]
[Date "2005.11.06"]
[Round "2.1"]
[White "Hillarp Persson, Tiger"]
[Black "Nielsen, Peter Heine"]
[Result "1/2-1/2"]
[WhiteElo "2534"]
[BlackElo "2653"]
[PlyCount "42"]
[EventDate "2005.11.05"]
[EventType "team"]
[EventRounds "9"]
[EventCountry "DEN"]
[WhiteTeam "Bronshoj"]
[BlackTeam "Helsinge"]
[WhiteTeamCountry "DEN"]
[BlackTeamCountry "DEN"]

1. d4 Nf6 2. c4 e6 3. Nc3 Bb4 4. Qc2 d5 5. cxd5 Qxd5 6. Nf3 Qf5 7. Qxf5 exf5 8.
a3 Be7 9. g3 Nbd7 10. Bg2 Nb6 11. O-O c6 12. Bg5 Be6 13. e3 Nfd5 14. Bxe7 Kxe7
15. Ne5 Nxc3 16. bxc3 f6 17. Nd3 Bc4 18. Rfd1 Na4 19. Rd2 Bxd3 20. Rxd3 Nb2 21.
Rd2 Nc4 1/2-1/2

[Event "Skakligaen 2005/06"]
[Site "Denmark"]
[Date "2005.11.06"]
[Round "2.2"]
[White "Schandorff, Lars"]
[Black "Pilgaard, Kim"]
[Result "1-0"]
[WhiteElo "2530"]
[BlackElo "2417"]
[PlyCount "39"]
[EventDate "2005.11.05"]
[EventType "team"]
[EventRounds "9"]
[EventCountry "DEN"]
[WhiteTeam "Helsinge"]
[BlackTeam "Bronshoj"]
[WhiteTeamCountry "DEN"]
[BlackTeamCountry "DEN"]

1. Nf3 Nf6 2. c4 b6 3. Nc3 Bb7 4. d4 e6 5. a3 d5 6. cxd5 Nxd5 7. Qc2 Nxc3 8.
Qxc3 Nd7 9. Bg5 Be7 10. Bxe7 Kxe7 11. g3 g5 12. Bg2 g4 13. Nh4 Bxg2 14. Nxg2
Nf6 15. O-O Qd6 16. Rad1 c5 17. Ne3 Rhd8 18. d5 Qc7 19. d6+ Rxd6 20. Qe5 1-0

[Event "Skakligaen 2005/06"]
[Site "Denmark"]
[Date "2005.11.06"]
[Round "2.3"]
[White "Hoi, Carsten"]
[Black "Berg, Emanuel"]
[Result "0-1"]
[WhiteElo "2382"]
[BlackElo "2540"]
[PlyCount "98"]
[EventDate "2005.11.05"]
[EventType "team"]
[EventRounds "9"]
[EventCountry "DEN"]
[WhiteTeam "Bronshoj"]
[BlackTeam "Helsinge"]
[WhiteTeamCountry "DEN"]
[BlackTeamCountry "DEN"]

1. d4 d5 2. Nf3 Nf6 3. c4 c6 4. Nc3 dxc4 5. a4 Bf5 6. e3 e6 7. Bxc4 Bb4 8. O-O
Nbd7 9. Qe2 O-O 10. e4 Bg6 11. e5 Nd5 12. Ne4 Be7 13. a5 c5 14. dxc5 Nxc5 15.
Nxc5 Bxc5 16. Rd1 Bh5 17. h3 Rc8 18. g4 Bg6 19. Bg5 Be7 20. Bxe7 Qxe7 21. Bxd5
exd5 22. Rxd5 f5 23. Nd4 fxg4 24. Qxg4 Qf7 25. Qg2 Rcd8 26. Rxd8 Rxd8 27. Rc1
Qf4 28. Ne2 Qxe5 29. Ng3 Qxb2 30. Rc7 Qa1+ 31. Kh2 b6 32. a6 Qxa6 33. Nf5 b5
34. Rxg7+ Kh8 35. Rd7 Qf6 36. Rxd8+ Qxd8 37. Ne3 Qc7+ 38. Kg1 Qc1+ 39. Kh2 Qc7+
40. Kg1 a5 41. Qa8+ Kg7 42. Qd5 b4 43. h4 Qf4 44. h5 Bf7 45. Qxa5 b3 46. Kf1
Be6 47. Qa7+ Kh6 48. Qb6 Qe4 49. Qb5 Qh1+ 0-1

[Event "Skakligaen 2005/06"]
[Site "Denmark"]
[Date "2005.11.06"]
[Round "2.4"]
[White "Hutters, Tomas"]
[Black "Bromann, Thorbjorn"]
[Result "0-1"]
[WhiteElo "2440"]
[BlackElo "2349"]
[PlyCount "64"]
[EventDate "2005.11.05"]
[EventType "team"]
[EventRounds "9"]
[EventCountry "DEN"]
[WhiteTeam "Helsinge"]
[BlackTeam "Bronshoj"]
[WhiteTeamCountry "DEN"]
[BlackTeamCountry "DEN"]

1. c4 Nf6 2. Nf3 e6 3. Nc3 d5 4. d4 Bb4 5. Bg5 h6 6. Bxf6 Bxc3+ 7. bxc3 Qxf6 8.
g3 dxc4 9. Bg2 Nd7 10. Qa4 Qe7 11. Qxc4 c5 12. O-O O-O 13. Ne5 Rb8 14. Rfd1
Nxe5 15. dxe5 b5 16. Qf4 Bb7 17. Rd6 Bxg2 18. Kxg2 Qc7 19. Rad1 Qa5 20. Rd7
Qxa2 21. e4 Qa5 22. Re7 Rbd8 23. Rxd8 Qxd8 24. Rxa7 Qb8 25. Rd7 b4 26. cxb4
cxb4 27. Rd2 Rc8 28. Rd7 Rf8 29. Rd2 Qb5 30. Rb2 Rd8 31. Qe3 Rd1 32. Kf3 Rd3
0-1

[Event "Skakligaen 2005/06"]
[Site "Denmark"]
[Date "2005.11.06"]
[Round "2.5"]
[White "Brinck Claussen, Bjorn"]
[Black "Pedersen, Steffen"]
[Result "1/2-1/2"]
[WhiteElo "2306"]
[BlackElo "2463"]
[PlyCount "44"]
[EventDate "2005.11.05"]
[EventType "team"]
[EventRounds "9"]
[EventCountry "DEN"]
[WhiteTeam "Bronshoj"]
[BlackTeam "Helsinge"]
[WhiteTeamCountry "DEN"]
[BlackTeamCountry "DEN"]

1. e4 e5 2. Nf3 Nc6 3. Bb5 a6 4. Ba4 Nf6 5. O-O Be7 6. Re1 d6 7. c3 Bg4 8. d3
Nd7 9. Nbd2 Nc5 10. Bxc6+ bxc6 11. Nc4 Ne6 12. Ne3 Bxf3 13. Qxf3 g6 14. Qd1 Bf6
15. Qa4 Qd7 16. Nc4 c5 17. Qxd7+ Kxd7 18. g3 h5 19. h4 g5 20. hxg5 Bxg5 21. Kg2
h4 22. Rh1 Rag8 1/2-1/2

[Event "Skakligaen 2005/06"]
[Site "Denmark"]
[Date "2005.11.06"]
[Round "2.6"]
[White "Berg, Klaus"]
[Black "Carstensen, Jacob"]
[Result "0-1"]
[WhiteElo "2404"]
[BlackElo "2303"]
[PlyCount "50"]
[EventDate "2005.11.05"]
[EventType "team"]
[EventRounds "9"]
[EventCountry "DEN"]
[WhiteTeam "Helsinge"]
[BlackTeam "Bronshoj"]
[WhiteTeamCountry "DEN"]
[BlackTeamCountry "DEN"]

1. d4 d5 2. c4 dxc4 3. e4 e5 4. Nf3 exd4 5. Bxc4 Bb4+ 6. Nbd2 Nc6 7. O-O Bg4 8.
Qb3 Qd7 9. Bd5 Bxd2 10. Bxd2 Bxf3 11. Qxb7 Nd8 12. Qxa8 Bxg2 13. Rfc1 Ne7 14.
Kxg2 O-O 15. Bf4 c6 16. Bg3 cxd5 17. Rc7 Qe6 18. Qxa7 Qxe4+ 19. Kg1 Ng6 20. Qa3
Ne6 21. f3 Qf5 22. Ra7 h5 23. Rd1 Nef4 24. Rd2 Qb1+ 25. Kf2 Re8 0-1

[Event "Skakligaen 2005/06"]
[Site "Denmark"]
[Date "2005.11.06"]
[Round "2.7"]
[White "Palm, Nikolaj"]
[Black "Bekker Jensen, Simon"]
[Result "0-1"]
[WhiteElo "2231"]
[BlackElo "2410"]
[PlyCount "144"]
[EventDate "2005.11.05"]
[EventType "team"]
[EventRounds "9"]
[EventCountry "DEN"]
[WhiteTeam "Bronshoj"]
[BlackTeam "Helsinge"]
[WhiteTeamCountry "DEN"]
[BlackTeamCountry "DEN"]

1. d4 Nf6 2. c4 g6 3. Nc3 Bg7 4. e4 d6 5. Be2 O-O 6. h4 Na6 7. h5 e5 8. d5 c6
9. Be3 cxd5 10. cxd5 Nc5 11. hxg6 fxg6 12. f3 Nh5 13. Qd2 Bd7 14. b4 Na4 15.
Nxa4 Bxa4 16. Bd1 Bb5 17. Ne2 Nf4 18. Kf2 Rc8 19. a4 Bc4 20. g3 Nd3+ 21. Kg2
Qf6 22. Ng1 Nf4+ 23. Kf2 a6 24. Ra3 b5 25. gxf4 exf4 26. Bb6 Qb2 27. Qxb2 Bxb2
28. Rb3 Bxb3 29. Bxb3 Rc1 30. axb5 axb5 31. Rh4 Rb8 32. Ne2 Rxb6 33. Nxc1 Bxc1
34. Rh1 Bd2 35. Ra1 Kg7 36. Ra7+ Kf6 37. Rxh7 Bxb4 38. Ke2 Rb8 39. Ra7 Bc5 40.
Ra6 Rh8 41. Bd1 Rh1 42. Ra8 Ke5 43. Bc2 Kd4 44. e5 Rh2+ 45. Kd1 Kxe5 46. Bxg6
Kxd5 47. Rf8 Rh4 48. Kc2 Kd4 49. Be4 Ke3 50. Bc6 Rh2+ 51. Kb3 Bd4 52. Rb8 Rb2+
53. Ka3 Rc2 54. Ba8 Rb2 55. Bc6 Kf2 56. Rd8 b4+ 57. Ka4 Bc5 58. Rf8 Ra2+ 59.
Kb5 b3 60. Kc4 b2 61. Rb8 Ba3 62. Be4 Ra1 63. Rb3 Rd1 64. Bc2 d5+ 65. Kc3 d4+
66. Kc4 Rd2 67. Be4 Be7 68. Rb7 Bh4 69. Rb8 Ke2 70. Rb3 Kd1 71. Rb8 Kc1 72. Rh8
d3 0-1

[Event "Skakligaen 2005/06"]
[Site "Denmark"]
[Date "2005.11.06"]
[Round "2.8"]
[White "Bekker Jensen, David"]
[Black "Ligaard, Morten Lund"]
[Result "1-0"]
[WhiteElo "2285"]
[BlackElo "2196"]
[PlyCount "77"]
[EventDate "2005.11.05"]
[EventType "team"]
[EventRounds "9"]
[EventCountry "DEN"]
[WhiteTeam "Helsinge"]
[BlackTeam "Bronshoj"]
[WhiteTeamCountry "DEN"]
[BlackTeamCountry "DEN"]

1. d4 d5 2. c4 c6 3. Nc3 e6 4. e3 Bd6 5. Qc2 Nf6 6. Nf3 Nbd7 7. Bd3 dxc4 8.
Bxc4 e5 9. O-O O-O 10. Bd2 Qe7 11. Bb3 e4 12. Ng5 Bxh2+ 13. Kxh2 Ng4+ 14. Kg1
Qxg5 15. Qxe4 Ndf6 16. Qf4 Qxf4 17. exf4 Be6 18. f3 Bxb3 19. axb3 Nh6 20. g4
Nd7 21. f5 Rfd8 22. Rfe1 Nb6 23. Re7 Rd7 24. Rae1 Kf8 25. Rxd7 Nxd7 26. Ne4 a5
27. b4 a4 28. b5 Re8 29. Bb4+ Kg8 30. Nd6 Rxe1+ 31. Bxe1 cxb5 32. g5 Nxf5 33.
Nxf5 Nb6 34. Nd6 Nc4 35. Nxc4 bxc4 36. Bb4 f6 37. gxf6 gxf6 38. Kg2 Kf7 39. d5
1-0

[Event "Skakligaen 2005/06"]
[Site "Denmark"]
[Date "2005.11.06"]
[Round "2.1"]
[White "Pedersen, Nicolai Vesterbaek"]
[Black "Hansen, Sune Berg"]
[Result "1/2-1/2"]
[WhiteElo "2521"]
[BlackElo "2558"]
[PlyCount "21"]
[EventDate "2005.11.05"]
[EventType "team"]
[EventRounds "9"]
[EventCountry "DEN"]
[WhiteTeam "Aalborg"]
[BlackTeam "Helsingor"]
[WhiteTeamCountry "DEN"]
[BlackTeamCountry "DEN"]

1. d4 d5 2. c4 dxc4 3. Nf3 Nf6 4. e3 e6 5. Bxc4 c5 6. O-O a6 7. Bb3 Nc6 8. Qe2
cxd4 9. Rd1 Be7 10. exd4 Na5 11. Bc2 1/2-1/2

[Event "Skakligaen 2005/06"]
[Site "Denmark"]
[Date "2005.11.06"]
[Round "2.2"]
[White "Mortensen, Erling"]
[Black "Pedersen, Erik"]
[Result "1-0"]
[WhiteElo "2474"]
[BlackElo "2408"]
[PlyCount "53"]
[EventDate "2005.11.05"]
[EventType "team"]
[EventRounds "9"]
[EventCountry "DEN"]
[WhiteTeam "Helsingor"]
[BlackTeam "Aalborg"]
[WhiteTeamCountry "DEN"]
[BlackTeamCountry "DEN"]

1. e4 c5 2. Nf3 e6 3. d3 d5 4. Qe2 Nf6 5. g3 Nc6 6. Bg2 Be7 7. O-O O-O 8. e5
Nd7 9. c4 d4 10. h4 Rb8 11. Bf4 Qc7 12. Nbd2 a6 13. Ne4 Ndxe5 14. Nxe5 Nxe5 15.
Nxc5 f6 16. Nb3 Rd8 17. Rfe1 b5 18. c5 Bd7 19. Rac1 Be8 20. Bxe5 fxe5 21. Qxe5
Qxe5 22. Rxe5 Bf7 23. Bh3 Bf6 24. Rxe6 Bxe6 25. Bxe6+ Kf8 26. c6 Ke7 27. Bh3
1-0

[Event "Skakligaen 2005/06"]
[Site "Denmark"]
[Date "2005.11.06"]
[Round "2.3"]
[White "Jakobsen, Lars Veno"]
[Black "Holmsgaard, Henrik"]
[Result "1-0"]
[WhiteElo "2337"]
[BlackElo "2344"]
[PlyCount "89"]
[EventDate "2005.11.05"]
[EventType "team"]
[EventRounds "9"]
[EventCountry "DEN"]
[WhiteTeam "Aalborg"]
[BlackTeam "Helsingor"]
[WhiteTeamCountry "DEN"]
[BlackTeamCountry "DEN"]

1. d4 d5 2. c4 c6 3. Nf3 Nf6 4. Nc3 e6 5. Bg5 h6 6. Bxf6 Qxf6 7. Qc2 Nd7 8. e3
g6 9. Bd3 dxc4 10. Bxc4 Bg7 11. O-O O-O 12. e4 Qe7 13. Rad1 Rd8 14. Rfe1 Nb6
15. Bf1 Bd7 16. Qb3 Be8 17. a4 Qc7 18. Rc1 Rac8 19. e5 Bf8 20. Ne4 Nd5 21. h4
Qb6 22. Qc2 Be7 23. Red1 Qb4 24. b3 b6 25. h5 Kg7 26. Qb1 b5 27. hxg6 fxg6 28.
Nc5 Bxc5 29. dxc5 Nc3 30. Rxd8 Rxd8 31. Qa1 Nd5 32. axb5 cxb5 33. Qxa7+ Rd7 34.
Qb8 Re7 35. c6 Nc7 36. Qd8 Kf7 37. Nd4 Qd2 38. Rc2 Qf4 39. Rc3 Qg5 40. Rg3 Qh4
41. Bd3 Kg7 42. Be4 Bf7 43. Bf3 h5 44. Bxh5 Qxh5 45. Rh3 1-0

[Event "Skakligaen 2005/06"]
[Site "Denmark"]
[Date "2005.11.06"]
[Round "2.5"]
[White "Nielsen, Steffen Slumstrup"]
[Black "Larsen, Ole Bogh"]
[Result "1-0"]
[WhiteElo "2222"]
[BlackElo "2202"]
[PlyCount "81"]
[EventDate "2005.11.05"]
[EventType "team"]
[EventRounds "9"]
[EventCountry "DEN"]
[WhiteTeam "Aalborg"]
[BlackTeam "Helsingor"]
[WhiteTeamCountry "DEN"]
[BlackTeamCountry "DEN"]

1. e4 e5 2. Nf3 Nc6 3. Bc4 Bc5 4. c3 Nf6 5. d4 exd4 6. cxd4 Bb4+ 7. Nc3 d5 8.
exd5 Nxd5 9. O-O Nxc3 10. bxc3 Be7 11. Qc2 O-O 12. Bd3 h6 13. Rb1 Bd6 14. Re1
Qf6 15. Qe2 Ne7 16. c4 Ng6 17. c5 Bf4 18. Bxg6 fxg6 19. Bxf4 Qxf4 20. Qe5 Qf7
21. Qg3 g5 22. Ne5 Qf5 23. Rb3 Qf4 24. Ng6 Qxg3 25. hxg3 Rd8 26. Ne7+ Kh7 27.
d5 b6 28. c6 Bg4 29. Re5 Re8 30. Rbe3 Rad8 31. Kf1 Bh5 32. Ke1 Bf7 33. Kd2 Rd6
34. Kc3 Red8 35. Kd4 Bg6 36. a3 Be8 37. Nf5 Bxc6 38. Nxd6 Rxd6 39. Rf5 Bb7 40.
Re7 c6 41. Rxb7 1-0

[Event "Skakligaen 2005/06"]
[Site "Denmark"]
[Date "2005.11.06"]
[Round "2.6"]
[White "Jorgensen, Michael"]
[Black "Hjorth, Torben"]
[Result "1-0"]
[WhiteElo "2185"]
[BlackElo "2201"]
[PlyCount "61"]
[EventDate "2005.11.05"]
[EventType "team"]
[EventRounds "9"]
[EventCountry "DEN"]
[WhiteTeam "Helsingor"]
[BlackTeam "Aalborg"]
[WhiteTeamCountry "DEN"]
[BlackTeamCountry "DEN"]

1. d4 Nf6 2. c4 g6 3. Nc3 Bg7 4. e4 d6 5. f3 O-O 6. Be3 Nbd7 7. Nh3 c5 8. d5 a6
9. a4 Ne5 10. Nf2 e6 11. Be2 exd5 12. cxd5 Re8 13. O-O Qe7 14. Qd2 Qf8 15. Ra3
h5 16. h3 Kh7 17. f4 Ned7 18. Bd3 Rb8 19. e5 dxe5 20. f5 c4 21. fxg6+ fxg6 22.
Bxg6+ Kxg6 23. Qc2+ Kf7 24. Nfe4 Kg8 25. Bg5 Qe7 26. Nxf6+ Nxf6 27. Ne4 Rf8 28.
Raf3 Bd7 29. Bxf6 Bxf6 30. Nxf6+ Kg7 31. Qh7# 1-0

[Event "Skakligaen 2005/06"]
[Site "Denmark"]
[Date "2005.11.06"]
[Round "2.7"]
[White "Nielsen, Jorgen G"]
[Black "de Blecourt Dalsberg, Sandra"]
[Result "1-0"]
[WhiteElo "2149"]
[BlackElo "2059"]
[PlyCount "81"]
[EventDate "2005.11.05"]
[EventType "team"]
[EventRounds "9"]
[EventCountry "DEN"]
[WhiteTeam "Aalborg"]
[BlackTeam "Helsingor"]
[WhiteTeamCountry "DEN"]
[BlackTeamCountry "DEN"]

1. d4 d5 2. c4 c6 3. Nf3 Nf6 4. e3 Bf5 5. Nbd2 e6 6. Be2 h6 7. a3 Nbd7 8. b4 a5
9. b5 cxb5 10. cxd5 Qc7 11. Qb3 b4 12. e4 Nxe4 13. Nxe4 Bxe4 14. dxe6 Nf6 15.
Ne5 Bd5 16. exf7+ Kd8 17. Bc4 a4 18. Qd3 Bxc4 19. Qxc4 Qxc4 20. Nxc4 Be7 21.
Ne5 Rf8 22. axb4 Bxb4+ 23. Bd2 Bxd2+ 24. Kxd2 Nd7 25. Rhb1 Nxe5 26. dxe5 Rxf7
27. Ke3 Ra5 28. f4 a3 29. Rb4 a2 30. Ke4 g6 31. g3 Ra6 32. Rb2 Ra4+ 33. Ke3 g5
34. fxg5 hxg5 35. Raxa2 Rc4 36. Ra8+ Kc7 37. Kd3 Rc6 38. Rg8 Rd7+ 39. Ke4 g4
40. Rxg4 Rc4+ 41. Kf5 1-0

[Event "Skakligaen 2005/06"]
[Site "Denmark"]
[Date "2005.11.06"]
[Round "2.8"]
[White "Jensen, Ib"]
[Black "Andersen, Soren"]
[Result "1/2-1/2"]
[WhiteElo "2004"]
[BlackElo "2094"]
[PlyCount "129"]
[EventDate "2005.11.05"]
[EventType "team"]
[EventRounds "9"]
[EventCountry "DEN"]
[WhiteTeam "Helsingor"]
[BlackTeam "Aalborg"]
[WhiteTeamCountry "DEN"]
[BlackTeamCountry "DEN"]

1. d4 d5 2. Nf3 Nf6 3. e3 c6 4. Bd3 Bg4 5. c4 Nbd7 6. Qb3 Bxf3 7. gxf3 Qb6 8.
Nc3 e6 9. Bd2 Bd6 10. c5 Qxb3 11. axb3 Bc7 12. f4 O-O 13. b4 a6 14. Ke2 g6 15.
f3 Nh5 16. Be1 Rae8 17. Bh4 f6 18. Kd2 Kf7 19. b5 axb5 20. Ra7 Rb8 21. b4 Ng7
22. Rha1 Rfc8 23. Kc2 e5 24. fxe5 fxe5 25. Ne2 exd4 26. Nxd4 Bxh2 27. f4 Ne6
28. Nxe6 Kxe6 29. Rh1 Ra8 30. Rxa8 Rxa8 31. Kb3 b6 32. cxb6 Nxb6 33. Rxh2 Nc4
34. Bxc4 bxc4+ 35. Kb2 Kf5 36. Be7 h5 37. Rg2 Re8 38. Bc5 Re6 39. Kc3 Ke4 40.
Bd4 Kf3 41. Rg1 h4 42. Kd2 h3 43. Rf1+ Kg3 44. Ke2 h2 45. Rf3+ Kg4 46. Rf1 Re8
47. f5 gxf5 48. Rf4+ Kg5 49. Rf1 f4 50. Kf3 fxe3 51. Bxe3+ Kf5 52. Rh1 Rh8 53.
Bf4 Rh3+ 54. Bg3 c3 55. Rxh2 Rxh2 56. Bxh2 c2 57. Bf4 d4 58. Bd2 Ke5 59. Ke2
Ke4 60. Bc1 d3+ 61. Kd2 Kd4 62. Bb2+ Kc4 63. Bc1 Kxb4 64. Kxd3 Kb3 65. Kd4
1/2-1/2

[Event "Skakligaen 2005/06"]
[Site "Denmark"]
[Date "2005.11.06"]
[Round "2.1"]
[White "Matthiesen, Martin"]
[Black "Andreasen, Per Naesby"]
[Result "1-0"]
[WhiteElo "2361"]
[BlackElo "2280"]
[PlyCount "43"]
[EventDate "2005.11.05"]
[EventType "team"]
[EventRounds "9"]
[EventCountry "DEN"]
[WhiteTeam "SK1968"]
[BlackTeam "Norresundby"]
[WhiteTeamCountry "DEN"]
[BlackTeamCountry "DEN"]

1. d4 d6 2. Nf3 g6 3. c4 Bg7 4. Nc3 e5 5. dxe5 dxe5 6. Qxd8+ Kxd8 7. Bd2 Bd7 8.
O-O-O Kc8 9. Ng5 Nh6 10. Nge4 Bc6 11. Nd5 Nf5 12. Bc3 Nd7 13. g4 Bxd5 14. Rxd5
Nd4 15. e3 Ne6 16. h4 c6 17. Rd1 Kc7 18. Nd6 Nd8 19. f4 f6 20. Bg2 exf4 21.
exf4 Bf8 22. Ne8+ 1-0

[Event "Skakligaen 2005/06"]
[Site "Denmark"]
[Date "2005.11.06"]
[Round "2.2"]
[White "Bentzen, Erik"]
[Black "Matthiesen, Arne"]
[Result "1-0"]
[WhiteElo "2362"]
[BlackElo "2368"]
[PlyCount "57"]
[EventDate "2005.11.05"]
[EventType "team"]
[EventRounds "9"]
[EventCountry "DEN"]
[WhiteTeam "Norresundby"]
[BlackTeam "SK1968"]
[WhiteTeamCountry "DEN"]
[BlackTeamCountry "DEN"]

1. d4 d5 2. c4 c6 3. cxd5 cxd5 4. Nc3 e5 5. Nf3 e4 6. Ne5 f6 7. Qa4+ Nd7 8.
Nxd5 fxe5 9. dxe5 Kf7 10. Qxe4 Nb6 11. Nxb6 Qxb6 12. Bd2 Be6 13. e3 Ne7 14. Bc4
Bxc4 15. Qxc4+ Qe6 16. Qf4+ Kg8 17. O-O Nc6 18. Bc3 Be7 19. Rad1 h5 20. Qe4 Rd8
21. Rxd8+ Bxd8 22. f4 g6 23. f5 gxf5 24. Rxf5 Rh7 25. Qf3 Rf7 26. Qg3+ Rg7 27.
Qh3 Qxa2 28. e6 Rg4 29. Qxh5 1-0

[Event "Skakligaen 2005/06"]
[Site "Denmark"]
[Date "2005.11.06"]
[Round "2.3"]
[White "Hansen, Lars"]
[Black "Sorensen, Bent"]
[Result "1-0"]
[WhiteElo "2255"]
[BlackElo "2262"]
[PlyCount "61"]
[EventDate "2005.11.05"]
[EventType "team"]
[EventRounds "9"]
[EventCountry "DEN"]
[WhiteTeam "SK1968"]
[BlackTeam "Norresundby"]
[WhiteTeamCountry "DEN"]
[BlackTeamCountry "DEN"]

1. g3 d5 2. Bg2 Nf6 3. d3 e5 4. Nf3 Nc6 5. O-O Be7 6. a3 a5 7. b3 O-O 8. Bb2
Bd6 9. Nbd2 Bf5 10. Nh4 Be6 11. e3 Qd7 12. c4 Bh3 13. cxd5 Bxg2 14. Kxg2 Nxd5
15. Qc2 Kh8 16. e4 Nf4+ 17. gxf4 Qg4+ 18. Kh1 Qxh4 19. fxe5 Nxe5 20. f4 Nc6 21.
e5 Be7 22. d4 Rad8 23. Qc4 Rd7 24. d5 Nb8 25. Ne4 Rfd8 26. Rad1 Qh3 27. f5 Bf8
28. e6 b5 29. Qe2 Rxd5 30. Ng5 Qxb3 31. Qh5 1-0

[Event "Skakligaen 2005/06"]
[Site "Denmark"]
[Date "2005.11.06"]
[Round "2.4"]
[White "Jorgensen, Jorgen"]
[Black "Sobjerg, Erik"]
[Result "1/2-1/2"]
[WhiteElo "2274"]
[BlackElo "2288"]
[PlyCount "21"]
[EventDate "2005.11.05"]
[EventType "team"]
[EventRounds "9"]
[EventCountry "DEN"]
[WhiteTeam "Norresundby"]
[BlackTeam "SK1968"]
[WhiteTeamCountry "DEN"]
[BlackTeamCountry "DEN"]

1. d4 d5 2. Nf3 Nc6 3. g3 Bf5 4. Bg2 Nb4 5. Na3 Be4 6. O-O e6 7. Bf4 a6 8. c3
Nc6 9. Nc2 Bd6 10. Bxd6 cxd6 11. Nd2 1/2-1/2

[Event "Skakligaen 2005/06"]
[Site "Denmark"]
[Date "2005.11.06"]
[Round "2.5"]
[White "Lindfeldt, Jan Magnus"]
[Black "Pedersen, Svend"]
[Result "1/2-1/2"]
[WhiteElo "2231"]
[BlackElo "2260"]
[PlyCount "26"]
[EventDate "2005.11.05"]
[EventType "team"]
[EventRounds "9"]
[EventCountry "DEN"]
[WhiteTeam "SK1968"]
[BlackTeam "Norresundby"]
[WhiteTeamCountry "DEN"]
[BlackTeamCountry "DEN"]

1. e4 d6 2. d4 g6 3. Nc3 Bg7 4. f4 c6 5. Nf3 b5 6. e5 a6 7. Bd3 Nh6 8. Qe2 O-O
9. Bd2 Nd7 10. Ne4 c5 11. dxc5 Nxc5 12. Nxc5 dxc5 13. a4 Bf5 1/2-1/2

[Event "Skakligaen 2005/06"]
[Site "Denmark"]
[Date "2005.11.06"]
[Round "2.6"]
[White "Nielsen, Tommy"]
[Black "Hansen, Bjarne"]
[Result "1-0"]
[WhiteElo "2154"]
[BlackElo "2253"]
[PlyCount "115"]
[EventDate "2005.11.05"]
[EventType "team"]
[EventRounds "9"]
[EventCountry "DEN"]
[WhiteTeam "Norresundby"]
[BlackTeam "SK1968"]
[WhiteTeamCountry "DEN"]
[BlackTeamCountry "DEN"]

1. e4 g6 2. d4 Bg7 3. Be2 d6 4. Nc3 Nf6 5. h4 c5 6. d5 Qa5 7. Bd2 h6 8. h5 g5
9. Bb5+ Nbd7 10. Nge2 a6 11. Bxd7+ Bxd7 12. f3 b5 13. a3 Qc7 14. g4 e6 15. dxe6
fxe6 16. O-O O-O 17. Be1 b4 18. axb4 cxb4 19. Na2 d5 20. Bg3 Qb6+ 21. Bf2 Qb8
22. Bg3 Qb6+ 23. Bf2 Qb7 24. e5 Ne8 25. Bg3 Bb5 26. Rf2 Qb8 27. Nd4 Bxe5 28.
Bxe5 Qxe5 29. Nxb4 Nd6 30. c3 Nc4 31. Qd3 Qg3+ 32. Rg2 Ne5 33. Rxg3 Bxd3 34.
Nxd3 Nxd3 35. Nxe6 Rfc8 36. Rg2 Rab8 37. Rxa6 Rxb2 38. Rxb2 Nxb2 39. Nd4 Rxc3
40. Rxh6 Rd3 41. Rg6+ Kh8 42. Ne6 Rxf3 43. Nxg5 Rf4 44. Kh2 Nc4 45. Kg3 Rd4 46.
Re6 Rd3+ 47. Kf4 Rb3 48. Nf3 Rb4 49. Kg5 Rb5 50. Kh6 Rb6 51. Rxb6 Nxb6 52. g5
Nc8 53. Kg6 Nd6 54. Ne5 Kg8 55. h6 d4 56. h7+ Kh8 57. Nf7+ Nxf7 58. Kxf7 1-0

[Event "Skakligaen 2005/06"]
[Site "Denmark"]
[Date "2005.11.06"]
[Round "2.7"]
[White "Alkaersig, Ole"]
[Black "Willumsen, Henrik"]
[Result "1/2-1/2"]
[WhiteElo "2181"]
[BlackElo "2163"]
[PlyCount "60"]
[EventDate "2005.11.05"]
[EventType "team"]
[EventRounds "9"]
[EventCountry "DEN"]
[WhiteTeam "SK1968"]
[BlackTeam "Norresundby"]
[WhiteTeamCountry "DEN"]
[BlackTeamCountry "DEN"]

1. e4 c5 2. Nf3 d6 3. Bb5+ Bd7 4. Bxd7+ Qxd7 5. O-O Nc6 6. c3 Nf6 7. d4 cxd4 8.
cxd4 d5 9. e5 Ne4 10. Ne1 h6 11. Be3 e6 12. f3 Ng5 13. Nc3 Be7 14. Nd3 O-O-O
15. Qa4 Kb8 16. a3 f6 17. Bf4 f5 18. Be3 Nf7 19. b4 Rc8 20. Rfc1 g5 21. b5 Ncd8
22. Na2 Rxc1+ 23. Rxc1 Re8 24. Nc5 Bxc5 25. Rxc5 b6 26. Rc1 a5 27. Qc2 Re7 28.
a4 Qb7 29. g3 Rc7 30. Qxc7+ Qxc7 1/2-1/2